| 000 | 01546nam a2200337 a 4500 | ||
|---|---|---|---|
| 001 | ebr10005708 | ||
| 003 | CaPaEBR | ||
| 006 | m u | ||
| 007 | cr cn||||||||| | ||
| 008 | 000828s2001 txua sb 101 0deng | ||
| 010 | _z 00064863 | ||
| 020 | _z0875652379 (alk. paper) | ||
| 040 |
_aCaPaEBR _cCaPaEBR |
||
| 035 | _a(OCoLC)300604467 | ||
| 050 | 1 | 4 |
_aPS3531.O752 _bZ62 2001eb |
| 082 | 0 | 4 |
_a813/.52 _aB _221 |
| 245 | 0 | 0 |
_aFrom Texas to the world and back _h[electronic resource] : _bessays on the journeys of Katherine Anne Porter / _cedited by Mark Busby & Dick Heaberlin. |
| 260 |
_aFort Worth : _bTCU Press, _cc2001. |
||
| 300 |
_axiii, 249 p. : _bill. |
||
| 500 | _a"Sixteen essays first presented at a May 15, 1998 conference ... at Southwest Texas State University and held in San Marcos"--Introd. | ||
| 504 | _aIncludes bibliographical references and index. | ||
| 533 |
_aElectronic reproduction. _bPalo Alto, Calif. : _cebrary, _d2013. _nAvailable via World Wide Web. _nAccess may be limited to ebrary affiliated libraries. |
||
| 600 | 1 | 0 |
_aPorter, Katherine Anne, _d1890-1980 _xTravel _vCongresses. |
| 650 | 0 |
_aAuthors, American _y20th century _vBiography _vCongresses. |
|
| 650 | 0 |
_aWomen and literature _zSouthern States _xHistory _y20th century _vCongresses. |
|
| 655 | 7 |
_aElectronic books. _2local |
|
| 700 | 1 | _aBusby, Mark. | |
| 700 | 1 | _aHeaberlin, Dick. | |
| 710 | 2 | _aebrary, Inc. | |
| 856 | 4 | 0 |
_uhttp://site.ebrary.com/lib/rucke/Doc?id=10005708 _zAn electronic book accessible through the World Wide Web; click to view |
| 999 |
_c3414 _d3414 |
||